Κατάλογος Βιβλιοθηκών Mediterranean College

Μακροοικονομική / 8η Έκδοση (Record no. 9668)

MARC details
000 -LEADER
fixed length control field 02184cam a22001934a 4500
005 - ΗΜΕΡΟΜΗΝΙΑ ΚΑΙ ΩΡΑ ΤΕΛΕΥΤΑΙΑΣ ΕΝΗΜΕΡΩΣΗΣ
Πεδίο ελέγχου 20250605164406.0
008 - FIXED-LENGTH DATA ELEMENTS--GENERAL INFORMATION
Πεδίο ελέγχου σταθερού μήκους 250528s ||||||||||||||||||||||||d
035 ## - SYSTEM CONTROL NUMBER
System control number 24827
020 ## - ISBN
ISBN 9786182041185
040 ## - ΠΗΓΗ ΚΑΤΑΛΟΓΟΓΡΑΦΗΣΗΣ
Φορέας πρωτότυπης καταλογογράφησης MC Athens Campus Library
Γλώσσα καταλογογράφησης Ελληνικά, Μοντέρνα (1453-)
Modifying agency MC Athens Campus Library
Κανόνες περιγραφικής καταλογογράφησης AACR2
245 1# - ΤΙΤΛΟΣ ΚΑΙ ΔΗΛΩΣΗ ΥΠΕΥΘΥΝΟΤΗΤΑΣ
Τίτλος Μακροοικονομική / 8η Έκδοση
260 ## - PUBLICATION, DISTRIBUTION, ETC.
Date of publication, distribution, etc. 2017
300 ## - PHYSICAL DESCRIPTION
Extent 630
520 ## - SUMMARY, ETC.
Summary, etc. Εισαγωγή, Η Βραχυπρόθεσμη Περίοδος, Η Αγορά Αγαθών, Αγορές Χρήματος, Η Μεσοπρόθεσμη Περίοδος, Η Αγορά Εργασίας, Η Καμπύλη Philips και το Φυσιολογικό Ποσοστό Ανεργίας και ο Πληθωρισμός, Από την Βραχυπρόθεσμη στην Μεσοπρόθεσμη Περίοδο: Το Υπόδειγμα IS-LM-PC, Η Μακροπρόθεσμη Περίοδος, Τα Δεδσομένα της Ανάπτυξης, Αποταμίευση και Συσσώρευση Κεφαλαίου και Προϊόν, Τεχνολογική Πρόοδος και Ανάπτυξη, Οι Δυσκολίες της Ανάπτυξης, Προσδοκίες, Αγορές Χρήματος και Προσδοκίες, Προσδοκ΄ίες και Κατανάλωση και Επένδυση, Προσδοκίες και Προϊόν και Πολιτική, Η Ανοιχτή Οικονομία, Άνοιγμα στις Αγορές Αγαθών και Χρήματος, Η Αγορά Αγαθών σε μια Ανοικτή Οικονομία, Προϊόν και Επιτόκιο και Συναλλαγματική Ισοτιμία, Συστήματα Συναλλαγματικών Ισοτιμιών, Επιστροφη στην Πολιτική, Θα Πρέπει να Υπόκεινται σε Έλεγχο οι Υπεύθυνοι Διαμόρφωσης Πολιτικής, Δημοσιονομική Πολιτική: Ανακεφαλαίωση, Νομισματική Πολιτική: Ανακεφαλαίωση, Επίλογος: Η Ιστορία των Μακροοικονομικών.
700 1# - ΠΡΟΣΘΕΤΗ ΑΝΑΓΡΑΦΗ--ΦΥΣΙΚΟ ΠΡΟΣΩΠΟ
Personal name Blanchard Olivier
9 (RLIN) 8629
942 ## - ADDED ENTRY ELEMENTS (KOHA)
Koha item type Books
Holdings
Τύπος τεκμηρίου Βιβλιοθήκη Τρέχουσα τοποθεσία Barcode Αριθμός εισαγωγής Ημερομηνία απόκτησης Ταξιθετικό σύμβολο Αριθμός αντιτύπου Κατάσταση απόσυρσης Κατάσταση χαμένου Κατάσταση κατεστραμμένου Μη δανεισμός Σύνολο δανεισμών Ημερομηνία τελευταίας εμφάνισης Η τιμή ισχύει από
Books MC Athens Campus Library MC Athens Campus Library 9780000096678 7770 05/06/2025 339 BLA 1           05/06/2025 05/06/2025

MC Athens Campus Library
Πατησίων 94 & Κοδριγκτώνος 13, 104 34
Πελλήνης 8 & Πατησίων 107, 112 51
Τ: +30 210 8899600

MC Thessaloniki Campus Library
Ίωνος Δραγούμη 21, 54625 | Ίωνος Δραγούμη 15, 54625
Τ: +30 2310 287779 – Τ: +30 2314 440300